Quizzes
Events
Quiz Creation
Community
Videos
Private Events
Remove Ads
Sign In
Join for FREE
Feedback
Dark Mode
Quiz Categories
Sports
Geography
Music
Movies
Television
Just For Fun
Miscellaneous
History
Literature
Language
Science
Gaming
Entertainment
Religion
Holiday
For Kids
Quiz Lab
Recent
Popular Today
Quiz Kudos Today
Editor Picks
Curator Picks
Quizzes by...
Day
Popularity
Type
Ratings
Length
Year
Community
Subscriptions
Recent Discussions
Orange Saloon
Badges
Playlists
Quests
Create
Leaderboards
Showdown
Live 5
Trivia Bingo
Activity
Puzzle Library
Sporcle Events
Private Events
Virtual Trivia
Globe League
Become a Host
Pub Owners
SporcleCon
Opinionation
Our Games
Videos
Blog
Mobile Apps
Partnerships
Remove Ads and Go Orange
Feedback
Music
Pop Music
The Beatles
Song
Album
Lyrics
Bands
Singers
Artist
Clip
Rock
Rap
Classical
Billboard
Country Music
Kpop
Taylor Swift
Music
Pop Music
The Beatles
Song
Album
Lyrics
Bands
Singers
Artist
Clip
Rock
Rap
Classical
Billboard
Country Music
Kpop
Taylor Swift
Random Quiz
Search Sporcle
×
Quiz Lab
Quiz Lab
Music
Bands
Type in answers that appear in a list
Type in answers that appear in a list
Classic
Best Score? Go Orange.
Heavy Metal Family Tree Stats
Can you name the Bands of the heavy metal family tree as seen on 'Metal: A Head Banger's Journey'?
By
Jtoc
20m
196 Questions
6,529 Plays
6,529 Plays
6,529 Plays
Comments
Comments
Give Quiz Kudos
Give Quiz Kudos
-
- Ratings
hide this ad
Replay
Link that replays current quiz
Next Quiz
Link to next quiz in quiz playlist
You Got
0%
They Got
Avg Score
40%
Avg Friend Score
Upgrade to see
Score Distribution
Jump to the score distribution portion of the page
Score
0/196
Timer
20:00
0
Plays Today
% Correct
Black Sabbath
93.2%
Metallica
86.9%
Megadeth
85.2%
Iron Maiden
82.6%
Led Zeppelin
82.3%
Slayer
80.7%
Judas Priest
80.7%
Alice Cooper
79.8%
Mötley Crüe
78.8%
Nirvana
78.5%
Anthrax
78%
Deep Purple
76.8%
KISS
73.9%
Sex Pistols
72.7%
Poison
71.8%
Death
71.1%
Motörhead
68.9%
Pantera
68.7%
Korn
67%
The Ramones
66.7%
Venom
65.9%
Slipknot
65.1%
Testament
65%
Soundgarden
64.8%
Alice In Chains
63.9%
Dio
63.6%
Ozzy Osbourne
62.6%
Pearl Jam
62.6%
Dream Theater
61.9%
Guns N' Roses
60.8%
Cannibal Corpse
60.4%
Rush
60.1%
Exodus
59.9%
The Clash
59.8%
Aerosmith
58.5%
Def Leppard
58%
Van Halen
57.9%
Cream
57.2%
Twisted Sister
56.5%
Saxon
56.3%
Limp Bizkit
55.8%
Rainbow
55.8%
Jimi Hendrix
55.2%
Helloween
54.5%
Mayhem
53.9%
Sepultura
53.2%
Scorpions
52.3%
Marilyn Manson
52.2%
System Of A Down
52.1%
Lamb Of God
52.1%
Ratt
51.2%
White Snake
51%
Queensryche
50.9%
W.A.S.P
50.8%
Napalm Death
50.1%
Mercyful Fate
49.7%
Celtic Frost
49.2%
Kreator
48.6%
Quiet Riot
48%
Rage Against The Machine
47.8%
Stormtroopers Of Death
47.8%
Overkill
47.6%
Cinderella
47%
Warrant
46.7%
Nine Inch Nails
46.5%
Bathory
46.3%
% Correct
Accept
46.1%
Morbid Angel
45.7%
Skid Row
45.6%
Opeth
45.5%
Manowar
44.8%
Death Angel
44.2%
Sodom
43.8%
Cradle of Filth
43.8%
Thin Lizzy
43.7%
Dokken
43.6%
In Flames
43.3%
Misfits
43%
Carcass
42.9%
White Zombie
42.8%
Dimmu Borgir
42.5%
Machine Head
41%
Blue Öyster Cult
40.7%
Children of Bodom
40.6%
Killswitch Engage
40.4%
Disturbed
40.1%
Type O Negative
39.8%
The Stooges
39.7%
Immortal
39.7%
Blue Cheer
39.5%
Ministry
39.3%
Emperor
39.1%
Ted Nugent
39.1%
Dead Kennedys
38.9%
Stone Temple Pilots
38.7%
Faith No More
38.7%
MC5
38.5%
Blind Guardian
38.5%
Deicide
38.3%
Entombed
37.7%
Darkthrone
37.6%
Obituary
37.6%
Hammerfall
37.1%
New York Dolls
37%
Kyuss
36.7%
Gorgoroth
35.9%
At The Gates
35.8%
Fear Factory
35.8%
Candlemass
35.6%
Arch Enemy
35.4%
Europe
35.3%
Suicidal Tendencies
34.7%
Possessed
34.4%
Destruction
33.6%
Voivod
33.3%
Angel Witch
32.9%
Slade
32.9%
Uriah Heep
32.4%
Mountain
32%
Melvins
31.4%
Tygers of Pan Tang
31%
Arthur Brown
30.9%
Mudhoney
30.8%
The Smashing Pumpkins
30.7%
Lita Ford
30.7%
Fates Warning
30.6%
Girlschool
30.5%
Enslaved
30.4%
The Damned
30.4%
Jane's Addiction
30%
Sweet
29.9%
Winger
29.9%
% Correct
Cathedral
29.7%
Nuclear Assault
29.7%
Godsmack
29.6%
Paradise Lost
29.4%
Static-X
29.3%
Symphony X
29.2%
Savatage
29%
Hanoi Rocks
28.5%
Doro
28.5%
Biohazard
27.8%
Hatebreed
27.4%
Nile
27.2%
Living Colour
27%
Dark Tranquility
26.8%
Yngwie J. Malmsteen
26.6%
Corrosion of Conformity
26.2%
Green River
26.2%
Satyricon
26.1%
My Dying Bride
26.1%
Bad Brains
25.7%
Dying Fetus
25.6%
Grave
25.6%
The Darkness
25%
Autopsy
24.6%
Mother Love Bone
23.8%
Prong
22.9%
Coal Chamber
22.7%
Dead Boys
22.4%
Minor Threat
21.8%
Trouble
21.4%
Katatonia
21.3%
Shadows Fall
21.3%
Discharge
21.2%
The Exploited
21%
The Dillinger Escape Plan
20.9%
Agnostic Front
20.9%
Soilwork
20.8%
Kittie
20.4%
Immolation
20.2%
DOA
20.2%
Messuggah
20.1%
Godflesh
20%
GBH
20%
Brutal Truth
19.8%
Anathema
19.5%
Primal Fear
19.3%
Dismember
18.5%
Dirty Rotten Imbeciles
18.1%
Therion
18%
Witchfinder General
18%
Tiamat
18%
Unleashed
17.8%
The Haunted
17.1%
Chimaira
17%
Unearth
16.1%
Exhumed
15.9%
Extreme Noise Terror
15.9%
Evergrey
15.8%
God Forbid
15.5%
Theatre of Tragedy
15.4%
Today Is The Day
14%
Repulsion
13.8%
Cephalic Carnage
12.4%
Darkest Hour
12.4%
Quiz Playlist
Details
Report
Send in Message
Add To Playlist
Classic:
Type in answers that appear in a list
Quiz Source
Last Updated: Jul 31, 2017
Quiz Scoreboard
CHALLENGE
Sign Up to Join the Scoreboard
Show All
Scores
Hide
Comments
May contain spoilers
Recently Published
Presidents Visiting Landmarks
by Hejman
History
7m
An Introduction to Baseball
by treessimontrees
Sports
5m
Movies - When Are They Set?
by FPL_Elf
Movies
5m
More to Explore
Quiz From the Vault
Featured Blog Post
Where Did the Easter Bunny Come From?
hide this ad
You Might Also Like...
Tags
Bands Quiz
Rock Quiz
Classic Rock
Family
Family Tree
Hard Rock
Heavy
Heavy Metal
Journey
metal
Metal Bands
Today's Top Quizzes in Music
Browse Music
hide this ad
Today's Top Quizzes in Bands
Browse Bands
Top Contributed Quizzes in Music
1
Taylor Swift All Songs (2024)
2
Guess the Artist- 70s Songs
3
Taylor Swift Logic Puzzle
4
KPOP LOGIC QUIZ
5
One Thing in Common: Music
6
2010s Album by Cover III
7
7-to-1: Billboard Hot 100 #1 Hits of 2010s
8
Guess the Taylor Swift song (Mystery Song)
9
Sorting Albums and Songs
10
2000s Album Cover Bunker
Explore More
Trending Topics
Disney
Marvel
Crossword
Anime
NBA
Harry Potter
Kpop
Soccer
NFL
Puzzle
Pokémon
Country
Song
The Office
WWE
hide this ad
More By:
Jtoc
Quiz
Plays
Rating
Category
Featured
Created
Heavy Metal Family Tree
6,529
2.59
Music
Jun 20, 2010
Red Dead Redemption: Animals
4,788
3.95
Gaming
Jun 21, 2010
Random Pokemon By Vowel (Gen 1)
3,538
4.57
Gaming
Jul 9, 2010
The Big 4 Thrash Band Members
1,793
4.40
Music
Jun 23, 2010
Gears Of War 1&2 Enemies
1,694
5.00
Gaming
Jun 23, 2010
Go to Creator's Profile
Score Distribution
Quiz Creator Spotlight
Jtoc
Follow
Send a Message
Quizzes Created
-
Created Quiz Play Count
-
More By This Creator
Popular Quizzes Today
1
Find the US States - No Outlines Minefield
2
Find the Countries of Europe - No Outlines Minefield
3
The Countries of the World
4
Find the US States
5
Popular People in 1961
6
US States
7
Risky Map Clicking: Biggest States A-Z
8
1-10 Letter E Words III
More Music Quizzes
50s Number One Match-Up
Quiz Lab
Trending Quizzes
Risky Map Clicking: Least Populous States A-Z
1-10 Letter G Words
1-10 Letter F Words
One Thing in Common: United Kingdom
Risky Map Clicking: Next State Alphabetically
Recently Updated
Leaping Animals
pecheneg
Reality TV Shows (A-Z)
bhenderson79
Rickey Henderson's Hall of Fame Teammates
pecheneg
Champions League XIs: Arsenal
pecheneg
Quick Pick: Celebrities in WWE's Hall of Fame
aduchscher
A-Z Keypad Blitz II
pecheneg
Multiple Oscar Actors
pecheneg
Mystery Phrase Blitz: Oscar 'Best Actors'
pecheneg
F. Scott Fitzgerald Novels
LTH
Pick 3 Villains
ddd62291
Trending Topics
Anime
Disney
Crossword
Kpop
Harry Potter
Marvel
NBA
Soccer
The Office
WWE
Song
Pokémon
Country
Puzzle
NFL
Your Account Isn't Verified!
In order to create a playlist on Sporcle, you need to verify the email address you used during registration. Go to your
Sporcle Settings
to finish the process.
Report this User
Report this user for behavior that violates our
Community Guidelines
.
Details:
Send Report
Go to the Sporcle.com Mobile Site →
Comments